Testing of rubber and elastomers. Testing with the mooney shearing disk viscometer. Determining the mooney viscosity (Record no. 73334)

MARC details
000 -LEADER
fixed length control field 00440nam a2200133Ia 4500
245 #0 - TITLE STATEMENT
Title Testing of rubber and elastomers. Testing with the mooney shearing disk viscometer. Determining the mooney viscosity
260 ## - PUBLICATION, DISTRIBUTION, ETC. (IMPRINT)
Year of publication 1976
500 ## - GENERAL NOTE
General note Standard number: DIN 53 523 Part 3
650 ## - SUBJECT ADDED ENTRY--TOPICAL TERM
Topical Term Elastomers
650 ## - SUBJECT ADDED ENTRY--TOPICAL TERM
Topical Term Mooney shearing disk viscometer
650 ## - SUBJECT ADDED ENTRY--TOPICAL TERM
Topical Term Mooney viscosity
942 ## - ADDED ENTRY ELEMENTS (KOHA)
Koha item type Standards
Holdings
Withdrawn status Lost status Damaged status Not for loan Collection code Home library Current library Date acquired Koha item type
      Standards DIN standards/German Standards RRII Library RRII Library 31/12/2021 Standards